| 000 | 00395pab a2200157 454500 | ||
|---|---|---|---|
| 008 | 180718b2006 xxu||||| |||| 00| 0 eng d | ||
| 100 | _aBeaudry, Paul | ||
| 245 | _aStock prices, news, and economic fluctuations | ||
| 260 | _c2006 | ||
| 300 | _ap.1293-307. | ||
| 362 | _aSep | ||
| 650 | _aBusiness cycles | ||
| 700 | _aProtier, Franck | ||
| 773 | _aAmerican Economic Review | ||
| 909 | _a72043 | ||
| 999 |
_c72043 _d72043 |
||